000 00824cam a2200289 i 4500
003 DO-SdBNP
005 20240625103959.0
008 100514s 1989 sp a | |||| 000 spa
015 _a
017 _a
_b
020 _a8424120701 (obra completa)
035 _a
040 _aBPMSU
_bspa
_cBPMSU
_e
080 _a
082 4 _aR036.1
_bE56n 1989
_222
100 1 _aPaton, John
245 1 0 _a Enciclopedia de los niños /
_cJohn Paton.
_h
260 _aBarcelona :
_bEditorial Everest,
_c1989
300 _a8 v. p.:
_bil. ;
_c27 cm.
505 _av.1 Abaco-Ave. -- v.2 Avestruz-Ciencia.
506 _a
590 _aInventariado, 2024/VM
650 4 _a Enciclopedia y diccionarios para niños
650 4 _aLibros ilustrados infantiles
910 _aVMateo V. Control de calidad. BPMSU
942 _2ddc
_cBK
999 _c14688
_d14688